Managing business ethics : straight talk abaout how to do it right

Bibliographic Details
Main Authors: Trevin~o, Linda Klebe (Author), Nelson, Katherine A. , 1948- (Author)
Format: Book
Published: New York, N.Y. : John Wiley , c1995
Subjects:

MARC

LEADER 00000cam a2200000 7i4500
001 0000020121
005 20220626093000.0
008 021119n
020 |a 0471598488 ,   |c (pbk) 
090 0 0 |a HF5387   |b .T734 1995 
100 0 |a Trevin~o, Linda Klebe ,   |e author 
245 0 0 |a Managing business ethics :   |b straight talk abaout how to do it right   |c Linda Klebe Trevino, Katherine A. Nelson 
260 2 |a New York, N.Y. :   |b John Wiley ,   |c c1995 
300 |a xv, 332 p. ; ;   |c 23 cm. 
504 |a Includes bibliographical references 
650 0 |a Business ethics 
650 0 |a Business ethics   |v Case studies 
700 0 |a Nelson, Katherine A. ,   |d 1948- ,   |e author 
999 |a 1000013994   |b Book   |c OPEN SHELF (30 DAYS)   |e Gong Badak Campus